01402nam a22001937a 4500003000400000020001500004082001300019100002200032245003300054260002600087300000800113650003200121653059100153942001300744952014100757952015300898952014201051999001501193SGT a8176710148 a540, GLA aGLASSTONE SAMUEL  aTHERMODYNAMICS FOR CHEMISTS  aNEW DELHI bEWPc2015 a522 aCHEMISTRY & ALLIED SCIENCE  a Heat, Work and Energy, Properties of Thermodynamics Systems, The First Law of Thermodynamics, Heat Changes and Heat Capacities, Thermochemistry, Calculation of Energy and Heat Capacity, The Second Law of Thermodynamics, Entropy Relationship and Applications, Entropy Determination and Significance, Free Energy, Phase Equilibria, Fugacity and Activity, Free Energy and Chemical Reactions, The Properties of Solutions, Activities and Activity Coefficients, Solutions of Electrolytes, The Debye-Huckel Theory, Partial Molar Properties, E.M.F.'s and The Thermodynamics of Ions Appendix  2ddccFPS 00102ddc4070aSSSLbSSSLcTXTd2016-06-27eAHUJA BOOKSg275.00iSGTUl0o540, GLApPS1494r2016-06-27 00:00:00w2016-03-03yFPSk6680 00102ddc4070aSSSLbSSSLcTXTd2016-06-27eAHUJA BOOKSg275.00iSGTUl2o540, GLApPS1495r2017-02-27 00:00:00s2017-02-23w2016-03-03yFPSk6680 00102ddc40718FSaSSSLbSSSLcREFd2016-06-27eAHUJA BOOKSg275.00iSGTUo540, GLApPS1496r2016-06-27 00:00:00w2016-03-03yFPSk6680 c9247d9247